Estudio de los niveles de fósforo en el área de influencia de la e.e.a. /
Guardado en:
| Autor Principal: | |
|---|---|
| Formato: | Libro |
| Publicado: |
H. Ascasubi :
Inta,
1980
|
| Materias: | |
| Etiquetas: |
Agregar Etiqueta
Sin Etiquetas, Sea el primero en etiquetar este registro!
|
| LEADER | 00494nam a22001575a 4500 | ||
|---|---|---|---|
| 001 | CEM.cems016169 | ||
| 005 | 20131007161213.0 | ||
| 008 | 130507s1980##################000#0#####d | ||
| 003 | CEMS | ||
| 082 | 0 | 4 | |a 631.41098 |
| 100 | 1 | |a Sánchez, Ramón M | |
| 245 | 1 | 0 | |a Estudio de los niveles de fósforo en el área de influencia de la e.e.a. / |c Ramón M Sanchez, |
| 260 | |a H. Ascasubi : |b Inta, |c 1980 | ||
| 300 | |a 22 p. | ||
| 653 | |a Suelos | ||
| 859 | |a CEMS |b BIB. CEMS - Agricultura |h 631.41098 |i Sa551 |p A10227.81 |t Ej.1 | ||
